Plantation forestry in the tropics

Bibliographic Details
Main Author: EVANS
Format: Book
Published: London : Macmillan Press , 1983
Subjects:

MARC

LEADER 00000cam a2200000 7i4500
001 0000001907
005 20040415.0
090 0 0 |a 634.9560913   |b EVA 1983 
100 1 0 |a EVANS   |h Julian 
245 1 0 |a Plantation forestry in the tropics   |c Julian Evans 
260 0 0 |a London :   |b Macmillan Press ,   |c 1983 
300 |a xv, 472 p. :   |b ill. ;   |c 24 cm. 
500 0 0 |a Includes bibliography (p. 430-452) and index 
650 0 0 |a Forests and forestry   |x Tropics 
650 0 0 |a Plantations   |x Tropics 
650 0 0 |a Tree farms   |x Tropics 
998 |a JPSM 
999 |a 0000002829   |b Monograph   |c Open Shelf   |e Default branch